000 00311nam a2200121Ia 4500
005 20251222144853.0
008 251222s9999||||xx |||||||||||||| ||spa||
082 _a371.335.8/M26
100 _aMartínez, Carmelo
245 0 _aTelevisión y Educación 1970
264 _bRadiotelevisión Española
942 _cLIB
999 _c21663
_d21663